[Event "GER Cup GrC Seniors 1st"]
[Site "Bad Blankenburg"]
[Date "2011.08.20"]
[Round "3"]
[White "Toepfer, Roland"]
[Black "Maetzing, Hans Dieter"]
[Result "1/2-1/2"]
[WhiteElo "1645"]
[BlackElo "1771"]
[PlyCount "52"]
[EventDate "2011.08.18"]
[EventType "swiss"]
[EventRounds "7"]
[EventCountry "GER"]
[SourceTitle "CBM 144 Extra"]
[Source "ChessBase"]
[SourceDate "2011.10.28"]
[SourceVersion "1"]
[SourceVersionDate "2011.10.28"]
[SourceQuality "1"]

1. d4 Nc6 2. Nf3 d6 3. e3 e5 4. dxe5 Nxe5 5. Nxe5 dxe5 6. Qxd8+ Kxd8 7. Bc4 f6 8. Nc3 c6 9. 0-0 Bb4 10. Rd1+ Ke7 11. Bd2 Ba5 12. b4 Bb6 13. a4 a5 14. b5 Be6 15. Bxe6 Kxe6 16. Rab1 c5 17. e4 Ne7 18. Be3 Rhd8 19. Kf1 h6 20. Ke2 f5 21. f3 Rac8 22. Rxd8 Rxd8 23. Rd1 Rxd1 24. Kxd1 Ba7 25. Ke2 b6 26. Kd3 Bb8 1/2-1/2

[Event "Niedersachsen-ch Seniors op 14th"]
[Site "Bad Bevensen"]
[Date "2011.07.11"]
[Round "7"]
[White "Toepfer, Roland"]
[Black "Peleikis, Horst"]
[Result "1/2-1/2"]
[WhiteElo "1670"]
[BlackElo "1879"]
[PlyCount "176"]
[EventDate "2011.07.05"]
[EventType "swiss"]
[EventRounds "9"]
[EventCountry "GER"]
[SourceTitle "EXT 2012"]
[Source "ChessBase"]
[SourceDate "2011.11.24"]
[SourceVersion "1"]
[SourceVersionDate "2011.11.24"]
[SourceQuality "1"]

1. d4 Nf6 2. Nf3 g6 3. Bf4 Bg7 4. h3 d6 5. e3 Nbd7 6. c4 c5 7. Nc3 0-0 8. Bd3 cxd4 9. exd4 Re8 10. Bc2 Qc7 11. Bb3 e5 12. dxe5 Nxe5 13. Nxe5 dxe5 14. Bh2 Be6 15. Qe2 Rac8 16. Nd5 Nxd5 17. cxd5 Qa5+ 18. Qd2 Qxd2+ 19. Kxd2 Rcd8 20. Ke2 Bxd5 21. Bxd5 Rxd5 22. Rhd1 Red8 23. b3 Rxd1 24. Rxd1 Rxd1 25. Kxd1 f5 26. f3 Kf7 27. Bg1 b6 28. Kd2 Ke6 29. Kd3 Kd5 30. Bf2 Bf6 31. Be3 h5 32. Bf2 Be7 33. Be3 e4+ 34. fxe4+ fxe4+ 35. Ke2 Bf6 36. Bf4 Bd4 37. Bg5 a5 38. a4 Kc6 39. Bd8 Kb7 40. Kd2 Ka6 41. Be7 b5 42. axb5+ Kxb5 43. Ba3 Kc6 44. Be7 Bb6 45. Bf6 Kd5 46. Bc3 Ke6 47. Ke2 Kf5 48. Bd2 Bc7 49. Kf2 h4 50. Ke2 g5 51. Kf1 Bb6 52. Ke2 g4 53. Be1 Bd8 54. Ke3 g3 55. Bc3 Bc7 56. Ke2 Ke6 57. Bd2 Bd8 58. Bc3 Kd5 59. Ke3 Bb6+ 60. Ke2 Bd8 61. Ke3 Bb6+ 62. Ke2 Ke6 63. Bd2 Kf5 64. Kf1 e3 65. Bc3 Ke4 66. Ke2 Bd8 67. Bb2 Kf4 68. Bd4 Ke4 69. Bxe3 Kd5 70. Kd3 Kc6 71. Kc4 Bf6 72. Bd2 Bd8 73. Bc3 Kb6 74. Be5 Kc6 75. Bd4 Be7 76. Bc3 Bd8 77. b4 axb4 78. Bxb4 Bf6 79. Bc5 Kd7 80. Kd5 Bc3 81. Bd6 Bf6 82. Bf4 Ke7 83. Ke4 Ke6 84. Bd2 Be7 85. Ba5 Kf6 86. Kf4 Kg6 87. Kg4 Bg5 88. Bc7 Bf6 1/2-1/2

[Event "Niedersachsen-ch Seniors op 14th"]
[Site "Bad Bevensen"]
[Date "2011.07.09"]
[Round "5"]
[White "Toepfer, Roland"]
[Black "Fritsch, Juergen"]
[Result "0-1"]
[WhiteElo "1670"]
[BlackElo "1796"]
[PlyCount "118"]
[EventDate "2011.07.05"]
[EventType "swiss"]
[EventRounds "9"]
[EventCountry "GER"]
[SourceTitle "EXT 2012"]
[Source "ChessBase"]
[SourceDate "2011.11.24"]
[SourceVersion "1"]
[SourceVersionDate "2011.11.24"]
[SourceQuality "1"]

1. d4 d5 2. Nf3 Bf5 3. e3 e6 4. Bd3 Nh6 5. c3 Bd6 6. Qc2 Nd7 7. e4 dxe4 8. Bxe4 Bxe4 9. Qxe4 c6 10. Bxh6 gxh6 11. Nbd2 Qc7 12. Nc4 Be7 13. Nce5 Nxe5 14. Qxe5 Qxe5+ 15. Nxe5 f6 16. Nf3 Kf7 17. 0-0-0 Rad8 18. Rhe1 b5 19. Re2 Rhe8 20. Rde1 Bf8 21. Kc2 h5 22. g3 Bh6 23. h4 Rd5 24. Rd1 Red8 25. Rde1 Rf5 26. Nd2 e5 27. Nb3 Rd5 28. Rf1 Rf3 29. dxe5 fxe5 30. Rd1 Kf6 31. Rxd5 cxd5 32. Nc5 e4 33. Nb3 a6 34. Nd4 Rd3 35. Nc6 Bf8 36. Re3 Rxe3 37. fxe3 Kf5 38. Nd4+ Kg4 39. Ne2 Kf3 40. Kd2 Bc5 41. Ke1 Bxe3 42. Kf1 Bf2 43. Nf4 e3 44. Ne2 Bxg3 45. Nd4+ Ke4 46. Ke2 Bxh4 47. Nc2 Bg5 48. Ne1 h4 49. Nf3 Bf6 50. Ng1 b4 51. Nh3 bxc3 52. bxc3 Bxc3 53. Ng5+ Kf5 54. Nf3 Bf6 55. Kxe3 Kg4 56. Kf2 h3 57. Nh2+ Kf4 58. Nf1 Bd4+ 59. Ke2 Bg1 0-1

[Event "Niedersachsen-ch Seniors op 14th"]
[Site "Bad Bevensen"]
[Date "2011.07.07"]
[Round "3"]
[White "Toepfer, Roland"]
[Black "Nietsch, Horst"]
[Result "1-0"]
[WhiteElo "1670"]
[BlackElo "1835"]
[PlyCount "139"]
[EventDate "2011.07.05"]
[EventType "swiss"]
[EventRounds "9"]
[EventCountry "GER"]
[SourceTitle "EXT 2012"]
[Source "ChessBase"]
[SourceDate "2011.11.24"]
[SourceVersion "1"]
[SourceVersionDate "2011.11.24"]
[SourceQuality "1"]

1. d4 c5 2. Nf3 cxd4 3. Nxd4 e6 4. Nc3 a6 5. a4 Bb4 6. Bd2 Nf6 7. e3 0-0 8. Bd3 d5 9. 0-0 e5 10. Nb3 Nc6 11. Na2 Bd6 12. c4 Be6 13. Rc1 Qe7 14. c5 Bc7 15. Qc2 e4 16. Be2 Ne5 17. Nd4 Bd7 18. c6 Nxc6 19. Nxc6 Bxc6 20. Bb4 Qe5 21. g3 Rfc8 22. Bc5 Bd6 23. Bd4 Qe7 24. Qb3 Be5 25. Rfd1 Qe8 26. Nc3 h6 27. Qa2 Kh7 28. b3 Bxd4 29. Rxd4 Bd7 30. Qd2 Be6 31. f3 Qc6 32. Na2 Qb6 33. Qd1 Rxc1 34. Nxc1 Rc8 35. b4 Qc6 36. Na2 Qc2 37. Rd2 Qc7 38. Qb1 Qb6 39. Kf2 Qc7 40. Bd1 Qb6 41. Be2 Kg8 42. Bd1 exf3 43. Bxf3 Rc4 44. Qb2 a5 45. Rd4 Qc7 46. Rxc4 Qxc4 47. bxa5 Qxa4 48. Qd2 d4 49. Nc1 dxe3+ 50. Kxe3 Qb5 51. Qd8+ Ne8 52. Nd3 Kh7 53. Qb6 Qg5+ 54. Nf4 Bc8 55. Kf2 Qe7 56. Qe3 Qd8 57. Qd3+ Qxd3 58. Nxd3 Nd6 59. Nc5 Nc4 60. Bxb7 Bxb7 61. Nxb7 f5 62. a6 g5 63. Nd6 Nb6 64. Nxf5 Kg6 65. Nd6 Kf6 66. a7 Ke6 67. Nb5 Kd7 68. Kf3 Na8 69. Kg4 Kc6 70. Nd4+ 1-0

[Event "Niedersachsen-ch Seniors op 14th"]
[Site "Bad Bevensen"]
[Date "2011.07.06"]
[Round "2"]
[White "Ehresmann, Horst"]
[Black "Toepfer, Roland"]
[Result "0-1"]
[WhiteElo "1387"]
[BlackElo "1670"]
[PlyCount "128"]
[EventDate "2011.07.05"]
[EventType "swiss"]
[EventRounds "9"]
[EventCountry "GER"]
[SourceTitle "EXT 2012"]
[Source "ChessBase"]
[SourceDate "2011.11.24"]
[SourceVersion "1"]
[SourceVersionDate "2011.11.24"]
[SourceQuality "1"]

1. d4 Nf6 2. Nf3 d6 3. e3 Bg4 4. Be2 e6 5. h3 Bh5 6. Nbd2 Be7 7. 0-0 Nbd7 8. a3 c5 9. b3 Rc8 10. Bb2 0-0 11. c4 d5 12. dxc5 Nxc5 13. b4 Nce4 14. c5 Nxd2 15. Nxd2 Bxe2 16. Qxe2 b6 17. cxb6 axb6 18. Rfc1 Qd7 19. Nb3 Ne4 20. Rxc8 Rxc8 21. Rc1 Rxc1+ 22. Nxc1 Qc7 23. Qd3 Nd6 24. Qb3 Qc6 25. Nd3 Nc4 26. b5 Qd7 27. a4 f6 28. Nb4 Bxb4 29. Qxb4 e5 30. Bc3 Kf7 31. Kf1 Ke6 32. Ke2 Qd6 33. Qxd6+ Nxd6 34. f3 Nc4 35. g4 g6 36. Bb4 f5 37. gxf5+ gxf5 38. h4 h5 39. Be1 Kd6 40. Bb4+ Kc7 41. Be1 Kb7 42. Bb4 Nb2 43. a5 bxa5 44. Bxa5 Nc4 45. Be1 Kb6 46. Bg3 Kxb5 47. Bf2 Nd6 48. Bg3 Nf7 49. Kd3 Kc5 50. Bf2 e4+ 51. fxe4 fxe4+ 52. Ke2 Nd6 53. Bg3 Nf5 54. Bf2 Kc4 55. Kd2 Kb3 56. Be1 Nd6 57. Bf2 Nc4+ 58. Ke2 Kc2 59. Bg1 Ne5 60. Bf2 Nd3 61. Bg1 Nc1+ 62. Ke1 Kd3 63. Bf2 Na2 64. Bg1 Nb4 0-1

[Event "Niedersachsen-ch Seniors op 13th"]
[Site "Bad Bevensen"]
[Date "2010.07.08"]
[Round "3"]
[White "Toepfer, Roland"]
[Black "Redlich, Anita"]
[Result "1-0"]
[WhiteElo "1571"]
[BlackElo "1307"]
[PlyCount "123"]
[EventDate "2010.07.06"]
[EventType "swiss"]
[EventRounds "9"]
[EventCountry "GER"]
[SourceTitle "EXT 2012"]
[Source "ChessBase"]
[SourceDate "2011.11.24"]
[SourceVersion "1"]
[SourceVersionDate "2011.11.24"]
[SourceQuality "1"]

1. d4 d5 2. Nd2 Nc6 3. Ngf3 Nf6 4. e3 Bg4 5. Be2 e6 6. c4 Be7 7. a3 0-0 8. h3 Bh5 9. 0-0 Ne4 10. Nxe4 dxe4 11. Nd2 Bxe2 12. Qxe2 f5 13. b4 a6 14. Bb2 Bf6 15. Rab1 Ne7 16. Rfd1 Ng6 17. g3 c6 18. Kg2 Qe8 19. Nb3 Qf7 20. Nc5 h5 21. Rf1 b6 22. Na4 b5 23. Nc5 e5 24. dxe5 Bxe5 25. f4 Bxb2 26. Rxb2 h4 27. g4 Rfd8 28. Rc2 a5 29. cxb5 axb4 30. axb4 cxb5 31. Qxb5 Rd5 32. Rff2 Rad8 33. Qc4 Ne7 34. b5 Rc8 35. Qb4 Rb8 36. Qa5 Rdd8 37. Rfd2 Nd5 38. Re2 Nb6 39. Qa2 Qxa2 40. Rxa2 Nc4 41. Rac2 Na3 42. Rb2 Rxb5 43. Rxb5 Nxb5 44. gxf5 Rd5 45. Nxe4 Rxf5 46. Kf3 Rh5 47. Rg2 Rh6 48. Rg5 Nc7 49. Nf2 Ne6 50. Re5 Kf7 51. Ng4 Rg6 52. Ke4 Nd8 53. Rh5 Re6+ 54. Kf3 Nc6 55. Rxh4 Rd6 56. Rh5 Rd1 57. Ne5+ Nxe5+ 58. Rxe5 Rh1 59. Kg2 Rb1 60. h4 Rb6 61. Kg3 Rg6+ 62. Rg5 1-0

[Event "GER Seniors Derby 08th"]
[Site "Wesel Undeloh"]
[Date "2009.04.19"]
[Round "7.18"]
[White "Toepfer, Roland"]
[Black "Bortfeldt, Cornelius"]
[Result "1/2-1/2"]
[WhiteElo "1603"]
[BlackElo "1631"]
[PlyCount "49"]
[EventDate "2009.04.16"]
[EventType "swiss"]
[EventRounds "7"]
[EventCountry "GER"]
[SourceTitle "EXT 2022"]
[Source "ChessBase"]
[SourceDate "2021.10.06"]
[SourceVersion "1"]
[SourceVersionDate "2021.10.06"]
[SourceQuality "1"]

1. c4 e5 2. Nc3 d6 3. g3 f5 4. d3 Nf6 5. Bg2 c6 6. e3 Be7 7. Nge2 0-0 8. 0-0 Na6 9. a3 Nc7 10. Qc2 Qe8 11. f3 Be6 12. Bd2 h6 13. Rad1 d5 14. cxd5 Ncxd5 15. Nxd5 cxd5 16. d4 Rc8 17. Bc3 e4 18. Qd2 Nh7 19. fxe4 fxe4 20. Rxf8+ Bxf8 21. Nf4 Bf7 22. Bb4 g5 23. Ne2 Bh5 24. Bxf8 Nxf8 25. Bf1 1/2-1/2

[Event "GER Seniors Derby 08th"]
[Site "Wesel Undeloh"]
[Date "2009.04.18"]
[Round "5.10"]
[White "Klemm, Guenther"]
[Black "Toepfer, Roland"]
[Result "1/2-1/2"]
[WhiteElo "1805"]
[BlackElo "1603"]
[PlyCount "32"]
[EventDate "2009.04.16"]
[EventType "swiss"]
[EventRounds "7"]
[EventCountry "GER"]
[SourceTitle "EXT 2022"]
[Source "ChessBase"]
[SourceDate "2021.10.06"]
[SourceVersion "1"]
[SourceVersionDate "2021.10.06"]
[SourceQuality "1"]

1. f4 d5 2. Nf3 Nf6 3. e3 Nbd7 4. d4 e6 5. Bd3 c5 6. c3 Be7 7. 0-0 0-0 8. Ne5 Nxe5 9. fxe5 Ne8 10. Nd2 g6 11. Nf3 b6 12. Qe1 a5 13. Qe2 c4 14. Bc2 b5 15. Bd2 Bb7 16. a3 Ng7 1/2-1/2

[Event "GER Seniors Derby 08th"]
[Site "Wesel Undeloh"]
[Date "2009.04.17"]
[Round "3.11"]
[White "Toepfer, Roland"]
[Black "Jungnickel, Martin"]
[Result "1-0"]
[WhiteElo "1603"]
[BlackElo "1748"]
[PlyCount "81"]
[EventDate "2009.04.16"]
[EventType "swiss"]
[EventRounds "7"]
[EventCountry "GER"]
[SourceTitle "EXT 2022"]
[Source "ChessBase"]
[SourceDate "2021.10.06"]
[SourceVersion "1"]
[SourceVersionDate "2021.10.06"]
[SourceQuality "1"]

1. c4 Nf6 2. Nc3 g6 3. g3 Bg7 4. Bg2 d6 5. d3 Nc6 6. Nf3 e5 7. 0-0 0-0 8. a3 Bg4 9. Bd2 Qd7 10. Rc1 h6 11. Nd5 Nxd5 12. cxd5 Ne7 13. e4 f5 14. h3 fxe4 15. hxg4 exf3 16. Bxf3 Rac8 17. Be4 Rf7 18. Kg2 Bf8 19. Rg1 Rh7 20. f3 Kg7 21. Be3 Ng8 22. Qd2 Qf7 23. d4 Kh8 24. Qd3 Ne7 25. dxe5 dxe5 26. d6 cxd6 27. Rxc8 Nxc8 28. Bxg6 Qg8 29. Bxh7 Qxh7 30. Qxh7+ Kxh7 31. g5 d5 32. gxh6 d4 33. Bd2 Nd6 34. Rc1 Kg6 35. Rc7 Bxh6 36. Bxh6 Kxh6 37. g4 Kg5 38. Rd7 Nc4 39. Rxb7 d3 40. Kf2 e4 41. Rb5+ 1-0

[Event "Jena Schwarzer Baer op"]
[Site "Jena"]
[Date "2007.02.06"]
[Round "6"]
[White "Toepfer, Roland"]
[Black "Weiss, Karl Heinz"]
[Result "1/2-1/2"]
[WhiteElo "1629"]
[BlackElo "1626"]
[PlyCount "108"]
[EventDate "2007.02.03"]
[EventType "swiss"]
[EventRounds "7"]
[EventCountry "GER"]
[SourceTitle "EXT 2008"]
[Source "ChessBase"]
[SourceDate "2007.11.25"]
[SourceVersion "1"]
[SourceVersionDate "2007.11.25"]
[SourceQuality "1"]

1. d4 d5 2. Nf3 Nf6 3. Bg5 Nbd7 4. e3 e6 5. Bd3 Be7 6. 0-0 0-0 7. c4 c6 8. Nc3 b6 9. cxd5 cxd5 10. Rc1 Bb7 11. Nb5 Ne8 12. Bf4 e5 13. Nxe5 Nxe5 14. Bxe5 Nd6 15. Qg4 g6 16. Qg3 Bh4 17. Qf3 Nxb5 18. Bxb5 Rc8 19. h3 a6 20. Bd3 f5 21. Qe2 b5 22. Rc2 Rxc2 23. Qxc2 Bf6 24. Qc7 Qxc7 25. Bxc7 Rc8 26. Bb6 Kf7 27. Rd1 Be7 28. Kf1 Bd6 29. g3 Rc6 30. Bd8 h6 31. Ke2 Bc8 32. f4 Ke8 33. Ba5 Kf7 34. Kd2 g5 35. Rc1 Rxc1 36. Kxc1 gxf4 37. exf4 Be7 38. a3 h5 39. h4 Bf6 40. Bb6 Be7 41. Bc5 Bd8 42. Kd2 Bd7 43. Kc3 a5 44. Be2 Kg6 45. b3 Bc6 46. Bd1 Bc7 47. Bf3 Bd8 48. a4 bxa4 49. bxa4 Bc7 50. Kb3 Bd8 51. Be2 Be8 52. Bb5 Bf7 53. Bc6 Bc7 54. Be7 Bb6 1/2-1/2

[Event "Jena Schwarzer Baer op"]
[Site "Jena"]
[Date "2007.02.04"]
[Round "3"]
[White "Saran, Bajar"]
[Black "Toepfer, Roland"]
[Result "1/2-1/2"]
[WhiteElo "1633"]
[BlackElo "1629"]
[PlyCount "99"]
[EventDate "2007.02.03"]
[EventType "swiss"]
[EventRounds "7"]
[EventCountry "GER"]
[SourceTitle "EXT 2008"]
[Source "ChessBase"]
[SourceDate "2007.11.25"]
[SourceVersion "1"]
[SourceVersionDate "2007.11.25"]
[SourceQuality "1"]

1. e4 c5 2. Nf3 d6 3. Bb5+ Nc6 4. 0-0 Bd7 5. c3 Nf6 6. Re1 e5 7. d4 cxd4 8. cxd4 Qc7 9. Nc3 a6 10. Ba4 Be7 11. Nd5 Nxd5 12. exd5 Na7 13. Bxd7+ Qxd7 14. dxe5 0-0 15. Qb3 dxe5 16. Nxe5 Qb5 17. Qxb5 Nxb5 18. Bf4 Rad8 19. Rad1 Bd6 20. Nd3 Bxf4 21. Nxf4 Rd7 22. Re2 Rfd8 23. h4 Kf8 24. g4 Nc7 25. Red2 h6 26. g5 hxg5 27. hxg5 g6 28. Kg2 Ne6 29. Nxe6+ fxe6 30. d6 Ke8 31. a3 Rf7 32. Re1 Kd7 33. Re5 Rf5 34. Rxf5 exf5 35. Kf3 Re8 36. Rd4 Re6 37. Rb4 b5 38. Rd4 Rxd6 39. Rxd6+ Kxd6 40. Ke3 Kd5 41. Kd3 Ke5 42. Ke3 f4+ 43. Kd3 Kf5 44. f3 Ke5 45. Kc3 a5 46. b3 Kd5 47. Kd3 Ke5 48. Ke2 Kd4 49. Kd2 a4 50. b4 1/2-1/2

[Event "Jena Schwarzer Baer op"]
[Site "Jena"]
[Date "2007.02.04"]
[Round "4"]
[White "Toepfer, Roland"]
[Black "Dymann, Frank"]
[Result "1/2-1/2"]
[WhiteElo "1629"]
[BlackElo "1976"]
[PlyCount "37"]
[EventDate "2007.02.03"]
[EventType "swiss"]
[EventRounds "7"]
[EventCountry "GER"]
[SourceTitle "EXT 2008"]
[Source "ChessBase"]
[SourceDate "2007.11.25"]
[SourceVersion "1"]
[SourceVersionDate "2007.11.25"]
[SourceQuality "1"]

1. d4 Nf6 2. Nd2 d5 3. Ngf3 e6 4. e3 c5 5. Be2 Nc6 6. 0-0 Bd6 7. c4 cxd4 8. exd4 0-0 9. c5 Bc7 10. Bb5 Nd7 11. Nb3 e5 12. dxe5 Ndxe5 13. Nbd4 Bg4 14. Be2 Nxf3+ 15. Nxf3 Re8 16. Re1 Rc8 17. Bd2 a5 18. Qb3 Rb8 19. Qa4 1/2-1/2